|
|
|
|
| LEADER |
00000nam0a2200000 4500 |
| 001 |
225846 |
| 005 |
20231101230705.0 |
| 010 |
|
|
|a 531900544X
|
| 020 |
|
|
|a RU
|b 90-25601
|
| 035 |
|
|
|a (RuTPU)RU\TPU\book\246207
|
| 090 |
|
|
|a 225846
|
| 100 |
|
|
|a 20121115d1990 k y0rusy5003 ca
|
| 101 |
0 |
|
|a rus
|
| 102 |
|
|
|a UA
|
| 105 |
|
|
|a y z 001zy
|
| 200 |
1 |
|
|a Молодежь и общество: социологические очерки
|f В. В. Цыбульник
|
| 210 |
|
|
|a Киев
|c Политиздат Украины
|d 1990
|
| 215 |
|
|
|a 175 с.
|c ил.
|d 20 см
|
| 320 |
|
|
|a Библиогр. в примеч.: с. 170-174.
|
| 606 |
1 |
|
|a Советское
|x социальная структура
|2 stltpush
|3 (RuTPU)RU\TPU\subj\37854
|9 58630
|
| 610 |
1 |
|
|a молодежь
|
| 610 |
1 |
|
|a СССР
|
| 610 |
1 |
|
|a социальные проблемы
|
| 610 |
1 |
|
|a неформальное общение
|
| 610 |
1 |
|
|a неформальные организации
|
| 610 |
1 |
|
|a права
|
| 610 |
1 |
|
|a религия
|
| 610 |
1 |
|
|a история
|
| 610 |
1 |
|
|a образование
|
| 610 |
1 |
|
|a общество
|
| 610 |
1 |
|
|a религиозные сектанты
|
| 610 |
1 |
|
|a молодежная среда
|
| 610 |
1 |
|
|a молодежная политика
|
| 686 |
|
|
|a С55.32
|2 rubbk
|
| 700 |
|
1 |
|a Цыбульник
|b В. В.
|g Владимир Владимирович
|4 070
|
| 801 |
|
0 |
|a RU
|b RuMRKP
|c 19950417
|g psbo
|
| 801 |
|
1 |
|a RU
|b 63413507
|c 20121115
|
| 801 |
|
2 |
|a RU
|b 63413507
|c 20151210
|g RCR
|
| 942 |
|
|
|c BK
|